000 00584nam a2200181 i 4500
001 89546
003 ES-MaACL
005 20230906180222.0
007 t|
008 050111s1925 fr ||||1| fre d
080 _a821.134.2(82)-31"19"
100 1 _aLascano Tegui, Vizconde de.
_970422
245 1 0 _aDe la elegancia mientras se duerme /
_cVizconde de Lascano Tegui ; grabados en madera de Raul Monsegur.
260 _aParis :
_b[s.n.],
_c1925 (
_eCourtrai :
_fJos. Vermaut)
300 _a158 p. :
_bil. ;
_c22 cm.
700 1 _aMonsegur, Raul.
_9164094
852 _aES-MaACL
_jA-364
999 _c89546
_d89546